| 000 | 00341cam a2200133ua 4500 | ||
|---|---|---|---|
| 020 | _a9788122418255 | ||
| 082 |
_a551.48 _bRAG/HY |
||
| 100 |
_aRaghunath, H.M . _9234 |
||
| 245 | _aHydrology: Principles, Analysis, Design / | ||
| 250 | _a1 / 2 | ||
| 260 |
_aNew Delhi : _bNew Age International Ltd , _c2007. |
||
| 300 | _a486 | ||
| 942 | _cBK | ||
| 999 |
_c13502 _d13502 |
||